Sinister Six (Spider-Man) Quiz Stats

 Plays Quiz Retired Jul 2, 2021

Support Sporcle.
Go Orange.
Score 0/23 Timer 07:00
3 Plays Today
Version (Date Joined) Villain % Correct
Original member (1964)Dr. Octopus
92.1%
Sinister Twelve (2004)Green Goblin
89.6%
Sinister Twelve (2004)Venom II
89.1%
Fourth line-up (2000)Venom
86%
Original member (1964)Sandman
81.6%
Fourth line-up (2000)Rhino
76%
Original member (1964)Electro
75%
Original member (1964)The Vulture
73.7%
Original member (1964)Mysterio
69.5%
Fourth line-up (2000)Mysterio II
69.5%
Second line-up (1990)Hobgoblin II
68.6%
Sinister Twelve (2004)The Lizard
63.4%
Version (Date Joined) Villain % Correct
Original member (1964)Kraven the Hunter
62.4%
Fourth line-up (2000)Kraven II
62.2%
Sinister Seven (1995)The Shocker
56.4%
Sinister Twelve (2004)The Chameleon
40.3%
Sinister Twelve (2004)Hydro-Man
36.6%
Sinister Twelve (2004)Hammerhead
24.4%
Sinister Seven (1995)The Beetle
24.3%
Sinister Twelve (2004)Tombstone
22.6%
Sinister Twelve (2004)Boomerang
17.1%
Sinister Seven (1995)Scorpia
13.5%
Third line-up (1992)Gog
12.3%

From the Vault

3 Songs, 1 Missing Word

by MSUKent

Music 5m
It goes like this: You Took the ____ Right Out of my Mouth; More Than ____ Can Say; These _____.
Remove Ads.
Support Sporcle.
Get the best of Sporcle when you Go Orange. This ad-free experience offers more features, more stats, and more fun while also helping to support Sporcle. Thank you for becoming a member.

Show Comments

Extras

Top Quizzes Today


Score Distribution

Your Account Isn't Verified!

In order to create a playlist on Sporcle, you need to verify the email address you used during registration. Go to your Sporcle Settings to finish the process.

Report this User

Report this user for behavior that violates our Community Guidelines.

Details: